zpět

Detail výsledku týmu

Pěkná brynda ÚT, Beroun

Datum a čas kvízu

33 Celkem bodů Celkový počet nahraných bodů na tomto kvízu bez doplňovacích otázek.
1. Pořadí na kvízu Konečné umístění týmu na tomto kvízu.

Zaznamenané odpovědi

# Otázka Odpověď Body Výsledky
1. V Olomouci byli minulý týden p... propisku 1
2. Na co je podle šéfky pro zahra... A 1
3. Minulý týden bylo oznámeno jmé... o Hanse Zimmera 0
4. Mladoboleslavská automobilka p... Epiq; Peaq 0.5
5. Půl bodu získáte za jméno česk... Jakub Menšík, oštěp 0
6. Vaším úkolem v tématu bude odh... červená, žlutá 1
7. Teď se podíváme na domácí fotb... tři 1
8. Pojďme na hokej. Lev v logu BK... zelená 0
9. Na základě zobrazených barev l... Los Angeles Lakers 0
10. Které americké město oslavuje... Pittsburgh 1